| 000 | 00754nam a2200241 i 4500 | ||
|---|---|---|---|
| 003 | DO-SdBNP | ||
| 005 | 20240213103958.0 | ||
| 007 | ta | ||
| 008 | 240213b1992 dr ||||| |||| 00| 0 spa d | ||
| 040 |
_aDO-SdBNP _bspa _cBNPHU _erda |
||
| 082 | 4 |
_bR696f _222 |
|
| 100 | 1 |
_aRodríguez H., Arismendy _930818 _eautor |
|
| 245 | 1 | 0 |
_aFisica : _b2do. de bachillerato / _cArismendy Rodríguez H. |
| 264 |
_aSanto Domingo : _bICSA Impresos, _c1992. |
||
| 300 |
_a202 páginas ; _c22. |
||
| 336 |
_2rdacontent _atexto _btxt |
||
| 337 |
_2rdamedia _asin mediación _bn |
||
| 338 |
_2rdacarrier _avolumen _bnc |
||
| 590 | _aInventariado, 2024/DG | ||
| 650 | 4 |
_aAlguaciles _xEstatutos, reglamentos, etc. _zRepública Dominicana _930819 |
|
| 910 | _aDG | ||
| 942 |
_2ddc _cLBS1 |
||
| 999 |
_c55938 _d55938 |
||